British Columbian Cities Quiz Stats

 Plays Quiz not verified by Sporcle

Challenge
Share
Tweet
Embed
Score 0/91 Timer 14:00
0 Plays Today
first and last letters(1,2 or 3 words) City % Correct
V-RVANCOUVER
82.6%
K-SKAMLOOPS
78.3%
N-ONANAIMO
73.9%
V-AVICTORIA
73.9%
A-DABBOTSFORD
69.6%
K-AKELOWNA
69.6%
S-YSURREY
69.6%
N-R (2)NORTH VANCOUVER
65.2%
P-E (2)PRINCE GEORGE
65.2%
P-T (2)PRINCE RUPERT
65.2%
B-YBURNABY
60.9%
R-DRICHMOND
60.9%
N-R (2)NEW WESTMINSTER
56.5%
D-ADELTA
52.2%
P-NPENTICTON
52.2%
P-M (2)PORT COQUITLAM
52.2%
P-NPRINCETON
52.2%
W-R (2)WEST VANCOUVER
52.2%
1-E (3)100 Mile House
47.8%
C-R (2)CAMPBELL RIVER
47.8%
C-KCHILLIWACK
47.8%
C-MCOQUITLAM
47.8%
D-K (2)DAWSON CREEK
47.8%
F-N (3)FORT ST JOHN
47.8%
L-YLANGLEY
47.8%
M-E (2)MAPLE RIDGE
47.8%
M-TMERRITT
47.8%
V-NVERNON
47.8%
W-RWHISTLER
47.8%
O-SOSOYOOS
43.5%
P-I (2)PORT ALBERNI
43.5%
first and last letters(1,2 or 3 words) City % Correct
P-Y (2)PORT HARDY
43.5%
R-EREVELSTOKE
43.5%
T-ETERRACE
43.5%
T-OTOFINO
43.5%
T-LTRAIL
43.5%
C-RCASTLEGAR
39.1%
C-XCOMOX
39.1%
D-NDUNCAN
39.1%
F-EFERNIE
39.1%
G-NGOLDEN
39.1%
G-S (2)GRAND FORKS
39.1%
N-NNELSON
39.1%
Q-LQUESNEL
39.1%
S-M (2)SALMON ARM
39.1%
S-SSICAMOUS
39.1%
S-YSIDNEY
39.1%
C-KCRANBROOK
34.8%
F-N (2)FORT NELSON
34.8%
H-S (3)HARRISON HOT SPRINGS
34.8%
H-EHOPE
34.8%
L-HLADYSMITH
34.8%
M-NMISSION
34.8%
P-EPARKSVILLE
34.8%
P-Y(2)PORT MOODY
34.8%
P-R (2)POWELL RIVER
34.8%
Q-H (2)QUALICUM BEACH
34.8%
U-TUCLUELET
34.8%
W-E(2)WILLIAMS LAKE
34.8%
C-K (2)CACHE CREEK
30.4%
C-ECHASE
30.4%
I-EINVERMERE
30.4%
first and last letters(1,2 or 3 words) City % Correct
L-TLILLOOET
30.4%
S-HSQUAMISH
30.4%
V-TVALEMOUNT
30.4%
W-K (2)WHITE ROCK
30.4%
C-YCOURTENAY
26.1%
E-YENDERBY
26.1%
F-DFIELD
26.1%
G-SGIBSONS
26.1%
P-NPEMBERTON
26.1%
P-S (2)PITT MEADOWS
26.1%
V-FVANDERHOOF
26.1%
K-SKEREMEOS
21.7%
S-TSECHELT
21.7%
S-SSMITHERS
21.7%
W-KWESTBANK
21.7%
A-EALDERGROVE
17.4%
H-YHEDLEY
17.4%
K-YKIMBERLY
17.4%
R-S (3)RADIUM HOT SPRINGS
17.4%
R-DROSSLAND
17.4%
A-Y (2)ALERT BAY
13%
F-S (3)FAIRMONT HOT SPRINGS
13%
L-DLUND
13%
R-S (2)ROGERS PASS
13%
S-D (2)SALTSPRING ISLAND
13%
W-DWINFIELD
13%
P-APANORAMA
8.7%
S-NSAANICHTON
8.7%
S-S (2)SUN PEAKS
8.7%

You're not logged in!

Compare scores with friends on all Sporcle quizzes.
OR
Log In

You Might Also Like...

Show Comments

Extras

Top Quizzes Today


Score Distribution

Your Account Isn't Verified!

In order to create a playlist on Sporcle, you need to verify the email address you used during registration. Go to your Sporcle Settings to finish the process.

Report this User

Report this user for behavior that violates our Community Guidelines.

Details: